000 00582nam a2200253Ia 4500
003 IT-RoPAU
008 120407s9999 xx 000 0 und d
040 _aIT-RoPAU
040 _cIT-RoPAU
041 _aita
100 _aEleonore Beck
245 _aL’amore che cos’è
250 _aRoma
260 _aEdizioni Paoline
260 _c1967
300 _a174 p.
300 _bsi
300 _c19,5 cm
490 _v1
600 _a1. Amore, morale cristiana I Miller Gabriele II - Argentieri E.0
700 _aGabriele Miller
942 _cBK
999 _c27172
_d27172